Culture Générale - Série 154 - Statistiques

Statistiques générales
  • Ce quiz a été pris 352 fois
  • Le résultat moyen est 6 sur 10
Statistiques - réponses
Question Réponse % Correct
Dans quel pays se court le rallye de l'Acropole ? Grèce
96%
Combien font 10 puissance 3 ? 1000
86%
Au tennis, quel terme désigne la balle qui touche le filet sur un service ? Let
85%
Combien y a-t-il de fois 1/4 dans le nombre 4 ? 16
84%
Qui Laurent Gerra parodie-t-il dans "Ma cabane au fond du jardin" ? Francis Cabrel
61%
Quelle ville italienne Henri Salvador aimerait-il "tant voir" ? Syracuse
46%
Quel héros de la mythologie grecque tua le lion de Némée ? Héraclès
44%
En 2006, quel acteur dirige François Cluzet dans "Ne le dis à personne" ? Guillaume Canet
38%
Quel héros créé par Edgar Rice Burroughs, Christophe Lambert a-t-il incarné au cinéma ? Tarzan
32%
A qui doit-on le poème "Ma bohème" ? Arthur Rimbaud
31%
Aucun quiz correspondant
Distribution des résultats
% des personnes avec chaque résultat
Percentile par nombre de réponses
Votre historique - résultats
Vous n’avez pas pris ce quiz